000
00249nam a2200109Ia 4500
008
231011s9999 xx 000 0 und d
041
_a
eng
100
_a
Kharidehal V.Rao
245
_a
Management Science
260
_b
M.G.H Bombay -
365
_b
162
999
_c
884133
_d
884133